| 000 | 00514nam a2200181 i 4500 | ||
|---|---|---|---|
| 001 | 37090 | ||
| 003 | ES-MaACL | ||
| 005 | 20230906155512.0 | ||
| 007 | t| | ||
| 008 | 030220s1967 sp ||||1| spa d | ||
| 100 | 1 |
_aBrunner, Emil. _932189 |
|
| 245 | 1 | 3 |
_aLa verdad como encuentro / _cEmil Brunner ; [traducción: Heide A. de Estruch]. |
| 250 | _a1ª ed. | ||
| 260 |
_a[Barcelona] : _bEstela, _c1967. |
||
| 300 |
_a269 p. ; _c20 cm. |
||
| 700 | 1 |
_aEstruch, Heide. _948255 |
|
| 852 |
_aES-MaACL _jC-34227 _bR.64765 |
||
| 999 |
_c37090 _d37090 |
||